000
00273nam a2200121Ia 4500
100
_a
Gaur/R.K
650
_a
Digital electronics
942
_c
BK
245
_a
Digital Electronics and micro computers
260
_b
Dhanpat Rai publishers
546
_a
ENGLISH
999
_c
31932
_d
31932